Is the west doing enough for Eastern Europe? november 1994

Gespeichert in:
Bibliographische Detailangaben
1. Verfasser: Dlouhý, Vladimír
Format: Buch
Sprache:Englisch
Veröffentlicht: Bruxelles The Philip Morris Institute 1994
Schlagworte:
Tags: Tag hinzufügen
Keine Tags, Fügen Sie das erste Tag hinzu!

MARC

LEADER 00000nam a2200000 4500
001 c119924
005 20221123112512.2
041 0 |a eng 
044 |a BE 
245 1 0 |a Is the west doing enough for Eastern Europe?  |b november 1994  |c Vladimír Dlouhý ... [et al.] 
264 1 |a Bruxelles  |b The Philip Morris Institute  |c 1994 
300 |a 99 s. 
610 2 0 |a spolupráca hospodárska medzinárodná 
610 2 0 |a SVE 
610 2 0 |a západná Európa 
100 1 |a Dlouhý, Vladimír